00374nam a22001337a 4500020001800000040000900018082001700027100002500044110004100069245003600110250001600146260004200162650003600204 a9788177588873 cNUST a621.3815 BOG aBogart, Theodore F.  aBeasley, Jeffrey S. Rico, Guillermo  aElectronic Devices and Circuits a6th Edirion aNew Delhi:bPearson Education,c2009. aElectronic Devices and Circuits